| 000 | 00385nam a2200145Ia 4500 | ||
|---|---|---|---|
| 008 | 221030s9999 xx 000 0 und d | ||
| 020 | _a8177229400 | ||
| 041 | _aEnglish | ||
| 100 | _aP. S. Deshpande | ||
| 245 | 0 |
_aSQL & PL / SQL for Oracle 11g Black Book _cby P. S. Deshpande |
|
| 260 |
_bDreamtech Press _aNew Delhi _c2015 |
||
| 300 | _a864 | ||
| 650 | _aBE Computer | ||
| 942 | _cBK | ||
| 999 |
_c15638 _d15638 |
||